La Chispa'85 (Record no. 94549)

MARC details
000 -LEADER
campo de control de longitud fija 00837nam a2200217 i 4500
001 - NÚMERO DE CONTROL
campo de control 94549
003 - IDENTIFICADOR DE NÚMERO DE CONTROL
campo de control ES-MaACL
005 - FECHA Y HORA DE LA ÚLTIMA TRANSACCIÓN
campo de control 20230906181515.0
007 - CAMPO FIJO DE DESCRIPCIÓN FÍSICA--INFORMACIÓN GENERAL
campo de control de longitud fija t|
008 - DATOS DE LONGITUD FIJA--INFORMACIÓN GENERAL
campo de control de longitud fija 050509s1985 xxu |||| | eng d
020 ## - NÚMERO INTERNACIONAL ESTÁNDAR DEL LIBRO
Número Internacional Estándar del Libro 0-9607798-2-5
111 2# - ENTRADA PRINCIPAL--NOMBRE DE CONGRESO/REUNIÓN
Nombre de congreso/reunión o jurisdicción como elemento de entrada Louisiana Conference on Hispanic Languages and Literatures (
Número del congreso/reunión o número de parte o sección 6ª.
Fecha del congreso o de la firma del tratado 1985)
9 (RLIN) 913
245 10 - MENCIÓN DEL TÍTULO
Título La Chispa'85
Resto del título : selected preceedings /
Mención de responsabilidad, etc. the 6 th Louisiana Conference on Hispanic Languages and Literatures; Gilbert Paolini, editor.
260 ## - PUBLICACIÓN, DISTRIBUCIÓN, ETC.
Lugar de publicación, distribución, etc. New Orleans :
Nombre del editor, distribuidor, etc. Tulane University,
Fecha de publicación, distribución, etc. 1985.
300 ## - DESCRIPCIÓN FÍSICA
Extensión 396 p. ;
Dimensiones 22 cm.
650 #4 - PUNTO DE ACCESO ADICIONAL DE MATERIA--TÉRMINO DE MATERIA
Término de materia o nombre geográfico como elemento de entrada Literatura española-
Subdivisión de forma Congresos y asambleas.
9 (RLIN) 146533
650 #4 - PUNTO DE ACCESO ADICIONAL DE MATERIA--TÉRMINO DE MATERIA
Término de materia o nombre geográfico como elemento de entrada Literatura hispanoamericana-
Subdivisión de forma Congresos y asambleas.
9 (RLIN) 14603
700 1# - ENTRADA AGREGADA--NOMBRE PERSONAL
Nombre de persona Paolini, Gilberto.
9 (RLIN) 88850
710 2# - ENTRADA AGREGADA--NOMBRE DE ENTIDAD CORPORATIVA
Nombre de entidad corporativa o nombre de jurisdicción como elemento de entrada Tulane University (New Orleans)
9 (RLIN) 6991
852 ## - LOCALIZACIÓN
Ubicación ES-MaACL
Número de control de estantería L-11763
Holdings
Estatus retirado Estado de pérdida Estado de daño No para préstamo Biblioteca de origen Biblioteca actual Ubicación en estantería Fecha de adquisición Fuente de adquisición Total de préstamos Signatura topográfica completa Código de barras Visto por última vez Precio de reemplazo Tipo de ítem Koha
        Biblioteca del Ateneo de Madrid Biblioteca del Ateneo de Madrid Depósito 2 17/01/2008     L-11763 1098747 23/02/2023 23/02/2023 Libro impreso